000 00508nam a2200193Ia 4500
008 220531s9999 xx 000 0 und d
041 _aeng
082 _a-
_bINS / KUM
100 _aKumar, M. / Kumar, S.
_977642
245 _aInsight; A Compendium of World Literature
250 _a1ST
260 _aJaipur
_bYking Books
_c2014
300 _a355
542 _d03-07-2017
551 _aEnglish
_bNon-grant-ENG
650 _aLiterature
_977643
906 _d2017-2018
_f11075
999 _c43065
_d43065